Bat technology : using sound to create images / (Record no. 789)

000 -LEADER
fixed length control field 00602nam a22001817a 4500
003 - CONTROL NUMBER IDENTIFIER
control field OSt
005 - DATE AND TIME OF LATEST TRANSACTION
control field 20140116120837.0
008 - FIXED-LENGTH DATA ELEMENTS--GENERAL INFORMATION
fixed length control field 111102t xxu||||| |||| 00| 0 eng d
022 ## - INTERNATIONAL STANDARD SERIAL NUMBER
International Standard Serial Number 16993
040 ## - CATALOGING SOURCE
Transcribing agency -
100 ## - MAIN ENTRY--PERSONAL NAME
Personal name Kihanya, Mungai .
245 ## - TITLE STATEMENT
Title Bat technology : using sound to create images /
Statement of responsibility, etc Mungai Kihanya.
260 ## - PUBLICATION, DISTRIBUTION, ETC. (IMPRINT)
Place of publication, distribution, etc Nairobi :
Name of publisher, distributor, etc Nation media group,
Date of publication, distribution, etc Tuesday, September 27 2011.
300 ## - PHYSICAL DESCRIPTION
Extent p. 6 (DN2)
440 ## - SERIES STATEMENT/ADDED ENTRY--TITLE
Title Daily Nation.
Number of part/section of a work September, 2011.
520 ## - SUMMARY, ETC.
Summary, etc How medical imaging technique (ultrasound) works to create a picture of the internal organs.
942 ## - ADDED ENTRY ELEMENTS (KOHA)
Source of classification or shelving scheme
Koha item type Article
Holdings
Withdrawn status Lost status Source of classification or shelving scheme Damaged status Not for loan Home library Current library Date acquired Total Checkouts Full call number Date last seen Price effective from Koha item type
          Riara University Library Riara University Library 02/11/2011   Periodical 02/11/2011 02/11/2011 Article

Riara University Library,
P.O. Box 49940-00100,
Nairobi, Kenya.